| 000 | 00703nam a2200217Ia 4500 | ||
|---|---|---|---|
| 001 | 5169 | ||
| 003 | GE_BSU | ||
| 008 | 181216s||||||||xx |||||||||||||| ||und|| | ||
| 040 | _cGE_BSU | ||
| 080 | _a510.6 | ||
| 100 | _aГжегорчик,А | ||
| 245 | _aПопулярная логика : Общедоступный очерк логики предложений | ||
| 245 | _cПер. с польского. С.П. Беляева Ред. В.В.Донченко | ||
| 250 | _a2-е изд. | ||
| 260 | _aМосква | ||
| 260 | _bНаука, Гл.ред. физ -мат лит-ры | ||
| 260 | _c1972. | ||
| 300 | _a110 с.20 см | ||
| 653 | _aПопулярная логика | ||
| 942 | _cBK | ||
| 999 |
_c38806 _d38806 |
||